书目信息 |
| 题名: |
中国古代苑园与文化
|
|
| 作者: | 王铎 著 | |
| 分册: | ||
| 出版信息: | 武汉 湖北教育出版社 2003 |
|
| 页数: | 412页 | |
| 开本: | 29cm | |
| 丛书名: | 中国建筑文化研究文库 | |
| 单 册: | ||
| 中图分类: | TU986.62 | |
| 科图分类: | ||
| 主题词: | 古典园林--建筑艺术--中国 | |
| 电子资源: | ||
| ISBN: | 7-5351-3468-8 | |
| 000 | 00842oam2 2200241 45 | |
| 001 | 002377427 | |
| 005 | 20050520105700.7 | |
| 010 | @a7-5351-3468-8@b精装@dCNY195.00 | |
| 100 | @a20030618d2003 em y0chiy0110 ea | |
| 101 | 0 | @achi |
| 102 | @aCN@b420000 | |
| 105 | @aa z 000yy | |
| 200 | 1 | @a中国古代苑园与文化@Azhong guo gu dai yuan yuan yu wen hua@f王铎著@FWang Duo Zhu |
| 210 | @a武汉@c湖北教育出版社@d2003 | |
| 215 | @a412页@c图@d29cm | |
| 225 | 2 | @a中国建筑文化研究文库 |
| 330 | @a本书结合大量图片,以阐述先秦思想为中古代苑园的哲学文化基础为先导,深入浅出地阐述了皇权文化和皇家园林,士文化与私家园林,以及佛教文化与佛寺园林等内容。 | |
| 410 | @12001 @a中国建筑文化研究文库 | |
| 606 | 0 | @a古典园林@x建筑艺术@y中国 |
| 690 | @aTU986.62@v4 | |
| 701 | 0 | @a王铎@4著 |
| 801 | 0 | @aCN@bNLC@c20031229 |
| 905 | @f1@b353826@dTU986.62@e196 | |
| 中国古代苑园与文化/王铎著.-武汉:湖北教育出版社,2003 |
| 412页:图;29cm.-(中国建筑文化研究文库) |
| ISBN 7-5351-3468-8(精装):CNY195.00 |
| 本书结合大量图片,以阐述先秦思想为中古代苑园的哲学文化基础为先导,深入浅出地阐述了皇权文化和皇家园林,士文化与私家园林,以及佛教文化与佛寺园林等内容。 |
| ● |
| 相关链接 |
|
|
|
|
正题名:中国古代苑园与文化
索取号:TU986.62/196
 
预约/预借
| 序号 | 登录号 | 条形码 | 馆藏地/架位号 | 状态 | 备注 |
| 1 | 0353826 | 3538265 | 第二样本阅览室/ [索取号:TU986.62/196] | 在馆 |